00696nam a2200217Ia 4500003000400000005001700004008004100021040000700062041001200069082001500081100003400096245002900130260004500159365001200204650003000216650003000246906003300276942001200309999001900321952013800340OSt20250801191251.0210423s1990 xx 000 0 und d cAL aEnglish a320 bBHAM aAnanthakrishna Bhat P9104933 aModern political systems aNew DelhibOxford University Pressc1990 b60cINR aPolitical Science9104934 aPolitical Science9104934 aModern ; political ; systems 2ddccBK c172180d172180 001040708MSWaSACPGbSACPGd2001-11-29eIntel Book Distributersg60.00l0o320 BHAMpPG018718r2022-08-24 00:00:00w2021-04-26yBK